LEADER 00901nam a2200229 i 4500 001 000000256426 003 CaOOAMICUS 005 20171213000000.0 008 171213s1976 it u000 u ita u 013 $a235334 040 $aSeMil$bita 100 1 $aGalot, Jean,$c.$0(OLS)http://semarc/name/4876 240 10$aPrières d'intimité ; Prier dans le secret.$0(OLS)http://semarc/title/412240 245 10$aAmarti senza vederti /$cJ. Galot. 260 $aSorrento :$bEdizioni Benedettine,$c1976. 300 $a76 p. ;$c22 cm. 650 4$aPreghiere - Testi.$0(OLS)http://semarc/subject/6541 850 $aSeMil 852 $aSeMil$W1$xVenegono$y1$m3F VI 208$j206772$B206772$CSeMilBibl$Z2$F220393 $81 961 $aOmaggio: Altro 996 $6245$aAmarti senza vederti$9(OLS)http://semarc/title/412239 996 $6260$aSorrento :$bEdizioni Benedettine$9(OLS)http://semarc/publisher/36032 LEADER 01158nam a2200253 i 4500 001 000000034231 003 CaOOAMICUS 005 20141120000000.0 008 141120s1972 it u000 u ita u 013 $a386 040 $aSeMil$bita 100 1 $aCodevilla, Giovanni,$d<1941- >.$0(OLS)http://semarc/name/15662 245 10$aStato e Chiesa nell'Unione Sovietica /$cGiovanni Codevilla ; A cura del Centro Studi Russia Cristiana Milano. 260 $aMilano :$bJaca Book,$ccopyr. 1972. 300 $a320 p. ;$c23 cm. 490 0 $aArchivi per la Russia e per l'Europa Orientale ;$v4 650 4$aChiesa e Stato - Unione Sovietica.$0(OLS)http://semarc/subject/5713 710 2 $aFondazione Russia Cristiana .$0(OLS)http://semarc/name/1610 830 0$aArchivi per la Russia e per l'Europa Orientale ;$v4.$0(OLS)http://semarc/title/18956 850 $aSeMil 852 $aSeMil$W1$xVenegono$y1$m3M V 45$j386$B386$CSeMilBibl$Z2$F386 $81 961 $aOmaggio: Donazione 996 $6245$aStato e Chiesa nell'Unione Sovietica$9(OLS)http://semarc/title/46200 996 $6260$aMilano :$bJaca Book$9(OLS)http://semarc/publisher/29781